000 01158nas a2200325 i 4500
001 184194
003 ES-MaACL
005 20250217134914.0
008 150420d19441965sp f|yp r | 0||pa d
022 _a0367-2743
080 _a616-002.73
245 0 0 _aFontilles
_b: trabajos y estudios realizados en la Colonia-Sanatorio de San Francisco de Borja para Leprosos.
246 3 3 _aRevista Fontilles
246 3 _aFontilles.
_pRevista de leprología
260 _aValencia :
_bRevista Fontilles,
_c[1944-1965]
300 _a11 v. :
_bil., gráf., fot. ;
_c24 cm.
310 _aSemestral
362 1 _aComenzó en 1944.
362 1 _aV. I ([1944]-jul.1947) ; v. II (1948-)
500 _aÍndices.
500 _aDescripción basada en: en. 1945, n. 2.
504 _aReferencias bibliográficas.
650 0 7 _aLepra.
_914372
650 4 _aLepra-
_zEspaña.
_9155984
710 2 _aSanatorio de San Francisco de Borja para Leprosos (Fontilles)
_9156758
780 0 0 _aTrabajos del Sanatorio Nacional de Fontilles
_x0213-5302
852 _aES-MaACL
_jE-15562-72
866 0 _o1945-1946 (1947) (1948) 1949-1950 (1951)
999 _c184194
_d184194